How Aristotle gets by In Metaphysics Zeta

Saved in:
Bibliographic Details
Main Author: Lewis, F.
Format: Unknown
Language:English
Published: Oxford, United Kingdom. Oxford University Press, 2013
Series:Oxford Aristotle Studies
Subjects:
Tags: Add Tag
No Tags, Be the first to tag this record!

MARC

LEADER 00000 a2200000 4500
003 CL-VaPUC
005 20241127085258.0
008 200302b ||||| |||| 00| 0 eng d
999 |c 376542  |d 376540 
020 |a 9780199664016 
040 |c Pontificia Universidad Católica de Valparaíso 
082 |a 185 LEW 2013 
100 1 |a Lewis, F.  |9 608539 
245 1 0 |a How Aristotle gets by In Metaphysics Zeta 
260 3 |c 2013  |a Oxford, United Kingdom.  |b Oxford University Press, 
300 |a 324 páginas 
490 0 |a Oxford Aristotle Studies 
505 |a Part one: the shape of zeta. Part two: substance as subject. Part three: substance as essence. Part four: substance as Universal. Part five: back to the definition of substance: the end-game. 
583 |k Angelica Casaletti Loyola  |c 20200302 
600 0 |a Aristóteles,  |d 384 a.C.- 322 a.C.  |9 194 
650 0 0 |a Filosofía antigua   |9 255705 
942 |2 ddc  |c BK 
952 |0 0  |1 0  |2 ddc  |4 0  |6 185_000000000000000_LEW_2013  |7 0  |8 A  |9 551486  |a BIBEDU  |b BIBEDU  |d 2020-02-27  |e 1  |g 70889.00  |i 5573211  |o 185 LEW 2013  |p 5573211  |r 2020-02-27  |t 1  |v 70889.00  |w 2020-02-27  |y BK  |k FIL